000 00688nam a22001817a 4500
999 _c14956
_d14956
003 OSt
082 _2631.3 SUR/DE
088 _aP 68
100 _aSURESH K.V WARRIER
_aVENUGOPAL T.S
_aXAVIER V.V
_93787
245 _aDevelopment and performance evaluation of self propelled bush cutter
260 _aTavanur 1997
_bDepartment of Farm Power Machinery and Energy
300 _a40
500 _aDevelopment and performance evaluation of self propelled bush cutter
520 _aDevelopment and performance evaluation of self propelled bush cutter
700 _aEr. Joby Bastian (Guide)
_93786
856 _uhttps://drive.google.com/open?id=1-I50st9mJioXetggOzSOxSfKbUBG1-di
942 _cPR